Solemne apertura del curso de 1897-1898 y distribución de premios á los alumnos que los obtuvieron en los cursos de 1895 a 1896 y 1896 a 1897 / (Record no. 53397)

MARC details
000 -LEADER
campo de control de longitud fija 00630nam a2200145 i 4500
001 - NÚMERO DE CONTROL
campo de control 53397
003 - IDENTIFICADOR DE NÚMERO DE CONTROL
campo de control ES-MaACL
007 - CAMPO FIJO DE DESCRIPCIÓN FÍSICA--INFORMACIÓN GENERAL
campo de control de longitud fija t|
008 - DATOS DE LONGITUD FIJA--INFORMACIÓN GENERAL
campo de control de longitud fija 931025s1897 sp a ||||1| spa d
110 2# - ENTRADA PRINCIPAL--NOMBRE DE ENTIDAD CORPORATIVA
Nombre de entidad corporativa o nombre de jurisdicción como elemento de entrada Escuela Provincial de Bellas Artes de Cádiz.
9 (RLIN) 3589
245 10 - MENCIÓN DEL TÍTULO
Título Solemne apertura del curso de 1897-1898 y distribución de premios á los alumnos que los obtuvieron en los cursos de 1895 a 1896 y 1896 a 1897 /
Mención de responsabilidad, etc. Escuela Provincial de Bellas Artes de Cadiz.
260 ## - PUBLICACIÓN, DISTRIBUCIÓN, ETC.
Lugar de publicación, distribución, etc. Cadiz :
Nombre del editor, distribuidor, etc. [s.n.],
Fecha de publicación, distribución, etc. 1897 (
Fabricante Imp. de la Revista Médica, de Federico Joly)
300 ## - DESCRIPCIÓN FÍSICA
Extensión 57 p., 25 h., [2] h. de lám. :
Otras características físicas il. ;
Dimensiones 23 cm.
852 ## - LOCALIZACIÓN
Ubicación ES-MaACL
Número de control de estantería T-864-F-11
Holdings
Estatus retirado Estado de pérdida Estado de daño No para préstamo Colección Biblioteca de origen Biblioteca actual Ubicación en estantería Fecha de adquisición Fuente de adquisición Total de préstamos Signatura topográfica completa Código de barras Visto por última vez Precio de reemplazo Tipo de ítem Koha
        Colección de folletos Biblioteca del Ateneo de Madrid Biblioteca del Ateneo de Madrid Depósito folletos 17/01/2008     T-864-F-11 1056107 23/02/2023 23/02/2023 Folleto